[Event "Gran Canaria-ch U08 Girls"]
[Site "Gran Canaria"]
[Date "2013.03.08"]
[Round "2.3"]
[White "Marquina Fernandez, Patricia"]
[Black "Alamo Reyes, Daniela Maria"]
[Result "0-1"]
[WhiteElo "1200"]
[BlackElo "1200"]
[PlyCount "108"]
[EventDate "2013.03.08"]
[EventType "swiss"]
[EventRounds "7"]
[EventCountry "ESP"]
[SourceTitle "EXT 2024"]
[Source "ChessBase"]
[SourceDate "2023.10.10"]
[SourceVersion "1"]
[SourceVersionDate "2023.10.10"]
[SourceQuality "1"]

1. e4 e5 2. d4 f6 3. c3 Ne7 4. b4 Nbc6 5. Nf3 d6 6. Na3 exd4 7. cxd4 Nxd4 8. Nxd4 Ng6 9. f3 Bd7 10. Nc4 Be6 11. Be2 Bxc4 12. Bxc4 d5 13. 0-0 Bxb4 14. Bd2 0-0 15. Bxb4 Re8 16. Rc1 Re7 17. Bd3 Rd7 18. Rf2 c5 19. Rcc2 Rc7 20. Rfe2 cxb4 21. Bb5 a6 22. Qd2 Rxc2 23. Qxc2 axb5 24. Qb2 Ra5 25. h3 Ne5 26. f4 Ra6 27. fxe5 fxe5 28. Nf3 dxe4 29. Nd2 Rd6 30. Nb1 Rd1+ 31. Kh2 b3 32. axb3 b4 33. Rd2 Rxd2 34. Qxd2 Qxd2 35. Nxd2 e3 36. g3 exd2 37. Kg1 d1Q+ 38. Kf2 Qd2+ 39. Kf3 Qd3+ 40. Kf2 Qd2+ 41. Kf3 Qh2 42. Kg4 Qb2 43. Kg5 h6+ 44. Kg4 e4 45. h4 e3 46. Kf3 Qxb3 47. Kf4 e2 48. g4 e1R 49. g5 Qf7+ 50. Kg4 Qf1 51. Kh5 hxg5 52. Kxg5 g6 53. Kxg6 Re6+ 54. Kh5 Qf5# 0-1